000 00316nam a2200133Ia 4500
005 20260328101528.0
008 260328s9999||||xx |||||||||||||| ||und||
100 _aBlaser, Werner
245 0 _aMies Van der Rohe /
_cWerner Blaser
260 _bGustavo Gili
300 _a204 p.
650 _aARQUITECTOS
942 _cBK
999 _c9885
_d9885